000
00246nam a22000977a 4500
041
_a
ENG
245
_a
Engine Top End construction ( 22 Minutes )
260
_a
Mumbai
_b
Sunrise
_c
2000
650
_a
Video Cassettes
856
_u
CD And Video Cassettes
999
_c
2479
_d
2479